000 00328nam a22001457a 4500
008 210311b ||||| |||| 00| 0 eng d
020 _a2900757579270
041 _aeng
080 _23rd
_a37
082 _a37
100 _a46
101 _aEDU
245 _aTechnical Writing The Fundamentals
_cWorley,W.L
942 _2udc
_cBK
999 _c56358
_d56358